|
|
|
|
| LEADER |
008100000a22002530004500 |
| 020 |
|
|
|a 978-0-07-014065-3
|
| 082 |
|
|
|a 332.632 042 P9
|
| 100 |
|
|
|a Dodd, David L; Author
|
| 100 |
|
|
|a Graham, Benjamin; Author
|
| 245 |
|
|
|a Security analysis: principles and technique
|
| 250 |
|
|
|a 6th ed
|
| 260 |
|
|
|a New Delhi, Tata McGraw-Hill Education Private Limited
|e 2008
|
| 260 |
|
|
|c 2010
|
| 460 |
|
|
|a xliii, 766p
|
| 463 |
|
|
|a CD-ROM
|
| 465 |
|
|
|a RS0.00
|
| 500 |
|
|
|a Benjamin Graham and David L Dodd
|
| 500 |
|
|
|a Includes index
|
| 650 |
|
|
|a Investment analysis
|
| 650 |
|
|
|a Securities-United States
|
| 650 |
|
|
|a Speculation
|
| 942 |
|
|
|c BK
|
| 999 |
|
|
|c 44772
|d 44772
|
| 952 |
|
|
|0 0
|1 0
|4 0
|6 332_632000000000000_042_P9
|7 0
|8 ENG
|9 45470
|a MGUL
|b MGUL
|d 2013-07-16
|e RS0.00
|l 0
|o 332.632 042 P9
|p 43014
|r 2013-07-16
|w 2013-07-16
|y BK
|